000 00427nam a2200157 i 4500
001 28070
003 ES-MaACL
005 20230906153744.0
007 t|
008 030116s1972 sp ||||1| spa d
100 1 _aBailly, Pierre-Jacques.
_924719
245 1 3 _aLa lĂ­nea sin hambre /
_cPierre-Jacques Bailly.
260 _aBilbao :
_bMensajero,
_c[1972]
300 _a283 p. ;
_c20 cm.
852 _aES-MaACL
_jC-44822
_bR.81469
999 _c28070
_d28070